000 00470nam a22001817a 4500
003 Ost
005 20230727145715.0
008 230727b |||||||| |||| 00| 0 eng d
020 _aNA
040 _cBT-PhCST
050 _aJ00378
082 _222
_aA6.8
_bBAUER
100 _aBAUER
245 _aBAUER diaphragm and cut-off walls :
_bhigh degree of leak tightness- great depths /
260 _aGermany
_bBAUER
_cNA
300 _a15 p. :
_bill.;
_c30 cm.
942 _2ddc
_cJRL
999 _c9608
_d9608